| 000 | 02950nam a2200301 i 4500 | ||
|---|---|---|---|
| 003 | CSPC | ||
| 005 | 20260216171115.0 | ||
| 008 | 250314s2022 nyua b 001 0 eng d | ||
| 020 | _a9781984659286 | ||
| 040 |
_cCSPC _aCSPC _beng _erda |
||
| 050 | 0 | 0 |
_aTK454 _b.F863 2022 |
| 082 | 0 | 0 |
_a621.3815 _bF962 |
| 245 | 0 | 0 | _aFundamentals of electrical circuits. |
| 250 | _a2nd edition. | ||
| 264 | 1 |
_aNew York : _b3G E-Learning, _c2022. |
|
| 300 |
_axv, 507 pages : _bcolor illustrations ; _c26 cm. |
||
| 336 |
_atext _2rdacontent |
||
| 337 |
_aunmediated _2rdamedia |
||
| 338 |
_avolume _2rdacarrier |
||
| 504 | _aIncludes bibliographical references and index. | ||
| 505 | 0 | _aCircuit topologies and DC excitation -- Transient response -- AC response and polyphase circuit -- Operational amplifiers -- Capacitors and inductors -- Magnetic circuits -- Electrical distribution system -- Different methods for circuit analysis -- Network theorem -- Alternating current -- Frequency response -- Steady-state analysis of harmonics. | |
| 520 | _a"Electric circuit can be defined as a path for transmitting electric current. Indeed, all the simple modern marvels are a consequence of this scientific principle. Electric circuits are important concepts that have practical applications in our daily lives. It is a very simple concept that incorporates three different components-a source of electrical energy, a device, and a closed loop of conducting material. A circuit is a closed path where electrons flow in a wire. As long as the copper wire is allowed to itself, the electrons drift between the atoms but never leave the copper. The fundamental knowledge and skills of the basic electrical circuits always work as a strong foundation for technically sound experience. Students can also become vigorously familiar with these basic circuits particularly with hands-on experience. The basic circuit thus helps a learner to gain understanding of the basic components and circuit's characteristics while it is in operation. This book gives fundamental concepts about two types of electric circuits: AC and DC circuits. It introduces fundamental properties and methods for analysis of direct current (DC) electric circuits including components such as resistors, capacitors, inductors, operational amplifiers, switches, and ideal and dependent voltage and current sources. The edition contains twelve chapters and offers comprehensive knowledge about the basic electrical circuits. This book is intended to provide an introduction in the field of electrical engineering to the fundamental concepts in the sub-area of electrical circuits"-- Back cover. | ||
| 650 | 0 | _aElectric circuits. | |
| 650 | 0 | _aElectronic circuits. | |
| 710 | 1 | _a3G E-Learning. | |
| 942 |
_2ddc _n0 _cBK _h621.3815 _iF962 _kENG _m2022 |
||
| 999 |
_c29171 _d29171 |
||